00513nam a2200169Ia 4500003000400000008004100004040001600045082002300061100003400084245006200118700003900180300001000219490004600229650001900275650002600294650002300320GCL140319s9999 xx 000 0 ara d aGCL / cGCL04aطb813.087bع ر1 aعبداللطيف زيدان10aالرجل الاخضر / cعبداللطيف زيدان1 aداليا محمد ابراهيم a23 ص aمغامرات مصورة للشبابv004aالاطفال04aقصص الاطفال04aالمغامرات